03604nam a2200337 i 4500003000900000005001700009007000300026008004100029020001800070040003000088082001900118100005900137245012300196264005800319300003300377336002700410337003400437338002800471500006200499500003900561520101600600520112501616521003002741590002702771910001402798942001402812952013702826952014302963952014303106999001703249DO-SdBNP20250506103729.0ta250506b2024 xxub|||| |||| 00| 0 spa d a9789945800494 aDO-SdBNPbspacBNPHUerda axxxxbL3182221 aLara Espinal, Maike Miguel,d2002-eautor4aut.98748310aHow to achieve legal success in the United States : ba survival guide for foreign attorneys /cMaike M. Lara Espinal  4a[Santo Domingo] :b[editor no identificado],c©2024. a147 páginasbmapasc23 cm. atextobtxt2rdacontent asin mediación bn2rdamedia avolumenbnc2rdacarrier aIncluye datos biografícos del autor en la página 147. aIncluye notas a pie de páginas.  aThe “Survival Guide for Foreign Attorneys” is an essential resource for navigating and succeeding in the world of U.S. law as an international lawyer. Specifically designed for LL.M. students and foreign lawyers, it provides a detailed guide from selecting the right program to adapting to life in the United States. Discover the various types of law programs and the application process, and learn everything necessary about obtaining a student visa. Understand the cultural and academic differences you will face, and receive practical advice on how to handle the financial, academic, and employment challenges that often arise. This guide includes testimonials from LL.M. students and additional resources to help you maximize your academic and professional experience. Whether your goal is to specialize and return to your home country or to practice in the United States, “How to Achieve Legal Success in the United States” will provide you with the tools and knowledge needed to achieve success. aLa “Guía de supervivencia para abogados extranjeros” es un recurso esencial para navegar y triunfar en el mundo del derecho estadounidense como abogado internacional. Diseñado específicamente para estudiantes de LL.M. y abogados extranjeros, proporciona una guía detallada desde la selección del programa adecuado hasta la adaptación a la vida en los Estados Unidos. Descubre los diversos tipos de programas de derecho y el proceso de aplicación, y aprende todo lo necesario sobre la obtención de la visa de estudiante. Conoce las diferencias culturales y académicas que enfrentarás, y recibe consejos prácticos sobre cómo manejar los desafíos financieros, académicos y laborales que se suelen presentar. Esta guía incluye testimonios de estudiantes LL.M. y recursos adicionales que te ayudarán a maximizar tu experiencia académica y profesional. Ya sea que tu objetivo sea especializarte y regresar a tu país o ejercer en Estados Unidos, “Cómo tener éxito legal en Estados Unidos” te proporcionará las herramientas y conocimientos necesarios para alcanzar el éxito. aProfesional, académico. aInventariado, 2025/ YL aYLockward 2ddccLBS1 00102ddc51708PDaBNPHUbBNPHUcCTd2024-10-16eDepósito Legal l0oBNPHU PD xxxx L318p2025-3975r2025-05-06w2025-05-06yLBS1 00102ddc51708PDaBNPHUbBNPHUcCTd2024-10-16eDepósito Legal l0oBNPHU PD xxxx L318p2025-3976r2025-05-06te. 2w2025-05-06yLBS1 00102ddc56708DSaBNPHUbBNPHUcCTd2024-10-16eDepósito Legal l0oBNPHU DS xxxx L318p2025-3977r2025-05-06te. 3w2025-05-06yLBS1 c58933d58933